书目信息 |
| 题名: |
结构力学
|
|
| 作者: | 胡兴国 , 吴莹 主编 | |
| 分册: | ||
| 出版信息: | 武汉 武汉工业大学出版社 2002.02 |
|
| 页数: | 314页 | |
| 开本: | 28cm | |
| 丛书名: | ||
| 单 册: | ||
| 中图分类: | TU311 | |
| 科图分类: | ||
| 主题词: | 建筑结构--理论 , 建筑结构--结构计算 | |
| 电子资源: | ||
| ISBN: | 7-5629-1786-8 | |
| 000 | 00635nam0 2200229 45 | |
| 001 | 1261362077 | |
| 005 | 20120407170256.29 | |
| 010 | @a7-5629-1786-8@dCNY 20.00 | |
| 100 | @a20020408d2002 km y0chiy0120 ea | |
| 101 | 0 | @achi |
| 102 | @aCN@b420000 | |
| 200 | 1 | @a结构力学@Ajie gou li xue@f胡兴国,吴莹主编@FHu Xing Guo,Wu Ying Zhu Bian |
| 205 | @a2版 | |
| 210 | @a武汉@c武汉工业大学出版社@d2002.02 | |
| 215 | @a314页@d28cm | |
| 606 | 0 | @a建筑结构@x理论 |
| 606 | 0 | @a建筑结构@x结构计算 |
| 690 | @aTU311@v3 | |
| 701 | 0 | @a胡兴国@AHu Xing Guo@4主编 |
| 701 | 0 | @a吴莹@AWu Ying@4主编 |
| 801 | 0 | @aCN@c20091215 |
| 905 | @dTU311@eH5121=2 | |
| 结构力学/胡兴国,吴莹主编.-2版.-武汉:武汉工业大学出版社,2002.02 |
| 314页;28cm |
| ISBN 7-5629-1786-8:CNY 20.00 |
| ● |
| 相关链接 |
|
|
|
正题名:结构力学
索取号:TU311/H5121=2
 
预约/预借
| 序号 | 登录号 | 条形码 | 馆藏地/架位号 | 状态 | 备注 |
| 1 | 485342 | 204853426 | 城院文库/ [索取号:TU311/H5121=2] | 在馆 |